| 000 | 01228cam a2200277 i 4500 | ||
|---|---|---|---|
| 001 | 17908136 | ||
| 005 | 20241111172317.0 | ||
| 008 | 131017s2015 ctuak 001 0 eng | ||
| 020 | _a9781285428222 | ||
| 020 | _a1285428226 | ||
| 050 | 0 | 0 |
_aKF1600 _b.M43 2015 |
| 100 | 1 |
_aMeiners, Roger E., _eauthor. |
|
| 245 | 1 | 4 |
_aThe legal environment of business / _cRoger E. Meiners, University of Texas at Arlington; Al. H. Ringleb, Consortium International MBA; Frances L. Edwards, Clemson University. |
| 250 | _aTwelfth edition. | ||
| 260 |
_aUSA _bCengage Learning _cc2015 |
||
| 300 |
_axxx, 757 pages : _bcolor illustrations, color forms ; _c26 cm |
||
| 500 | _aIncludes index. | ||
| 650 | 0 |
_aIndustrial laws and legislation _zUnited States. |
|
| 650 | 0 |
_aCommercial law _zUnited States. |
|
| 700 | 1 |
_aRingleb, Al H., _eauthor. |
|
| 700 | 1 |
_aEdwards, Frances L., _eauthor. |
|
| 856 | 4 | 2 |
_3Contributor biographical information _uhttp://www.loc.gov/catdir/enhancements/fy1503/2013952197-b.html |
| 856 | 4 | 2 |
_3Publisher description _uhttp://www.loc.gov/catdir/enhancements/fy1503/2013952197-d.html |
| 856 | 4 | 1 |
_3Table of contents only _uhttp://www.loc.gov/catdir/enhancements/fy1503/2013952197-t.html |
| 942 |
_2lcc _cBK _e12th Ed. _n0 |
||
| 999 |
_c1026 _d1026 |
||